Освоение режима отопления доменным газом коксовых печей на Кузнецком металлургическом заводе; Кокс и химия; № 12

Opis bibliograficzny
Parent link:Кокс и химия: научно-технический и производственный журнал/ Орган главного управления коксохимической промышленности СССР.— , 1931-.— 0023-2815
№ 12.— 1935.— с. 86-97
1. autor: Норкин Н. Н.
Język:rosyjski
Wydane: 1935
Hasła przedmiotowe:
Format: Rozdział
KOHA link:https://koha.lib.tpu.ru/cgi-bin/koha/opac-detail.pl?biblionumber=426563

MARC

LEADER 00000naa2a2200000 4500
001 426563
005 20241224141526.0
035 |a (RuTPU)RU\TPU\prd\85319 
035 |a RU\TPU\tpu\3789 
090 |a 426563 
100 |a 20100708d1935 k||y0rusy50 ca 
101 0 |a rus 
102 |a RU 
200 1 |a Освоение режима отопления доменным газом коксовых печей на Кузнецком металлургическом заводе  |f Н. Н. Норкин 
461 |0 (RuTPU)RU\TPU\prd\219  |x 0023-2815  |t Кокс и химия  |o научно-технический и производственный журнал  |f Орган главного управления коксохимической промышленности СССР  |d 1931- 
463 |0 (RuTPU)RU\TPU\prd\11662  |t № 12  |v с. 86-97  |d 1935 
610 1 |a энергетика 
610 1 |a труды учёных ТПУ 
610 1 |a теплотехника 
610 1 |a паротехника 
610 1 |a двигатели внутреннего сгорания 
610 1 |a водяные двигатели 
610 1 |a хладотехника 
700 1 |a Норкин  |b Н. Н. 
801 0 |a RU  |b 63413507  |c 20011210  |g PSBO 
801 2 |a RU  |b 63413507  |c 20100708  |g PSBO 
942 |c BK